Technologie (výroba maltovin a betonu) pro 3. ročník SPŠ stavebních hmot /

Hlavní autor: Sýkora, Vladislav
Další autoři: May, Jan
Jazyk: Čeština
Vydáno: Praha : Státní nakladatelství technické literatury, 1979
Vydání: 1. vyd.
Fyzický popis: 138 s.
Knihy
Uloženo v:
LEADER 00828nam a22002532a 4500
001 001167960
003 CZ BrMZK
005 20120315082207.0
007 ta
008 110909s1979 xr er|||||||||||cze d
015 |a cnb000393891 
035 |a (OCoLC)40086637 
040 |a BOA001  |b cze 
080 9 |a 666.971/.972(075.3):373.666 
100 1 |a Sýkora, Vladislav  |7 jk01122220  |4 aut 
245 1 0 |a Technologie (výroba maltovin a betonu) pro 3. ročník SPŠ stavebních hmot /  |c Vladislav Sýkora, Jan May 
250 |a 1. vyd. 
260 |a Praha :  |b Státní nakladatelství technické literatury,  |c 1979 
300 |a 138 s. 
700 1 |a May, Jan  |7 jk01080934  |4 aut 
910 |a BOA001  |b 2-0803.574 
990 |a BK 
991 |b 201109 
996 6 |b 2619427597  |c 2-0803.574  |l MZK  |r Sklad / do 1 hodiny  |n 0  |w 001201261  |u 000010  |a 1  |e BOA001  |j MZK50  |s P